| 000 | 00687nam a2200241Ia 4500 | ||
|---|---|---|---|
| 003 | OSt | ||
| 005 | 20221006153050.0 | ||
| 006 | a|||||r|||| 00| 0 | ||
| 007 | ta | ||
| 008 | 221006b |||||||| |||| 00| 0 hin d | ||
| 024 | _a31,187 | ||
| 037 |
_bGift, PRC _cTextual |
||
| 040 |
_aEASL _cEASL _bhin |
||
| 041 |
_2hin _ahin |
||
| 082 | _aV41y7NDE, 152M7 | ||
| 100 |
_aTED Shyaprofid _9662376 |
||
| 245 | 0 | _aTed shyaprofid ki chuni hui rachnain 1978-1984 | |
| 260 |
_aBeijing _bVideshi Bhasha Prakashan Greh China _c1987 |
||
| 300 |
_a290p. _ccm. |
||
| 650 | _aHL | ||
| 942 |
_hV41y7NDE, 152M7 _cTEXL _2CC |
||
| 999 |
_c1099273 _d1099273 |
||